Statistics for Serie A 2010's Winners Starting XI

Click here to take the quiz!

General Stats

  • This quiz has been taken 4,607 times
    (4,130 since last reset)
  • The average score is 35 of 53

Answer Stats

Player% Correct
Gianluigi Buffon
99%
Giorgio Chiellini
97%
Leonardo Bonucci
96%
Cristiano Ronaldo
95%
Mario Mandžukić
95%
Miralem Pjanić
94%
Paulo Dybala
94%
Arturo Vidal
93%
Zlatan Ibrahimović
91%
Samuel Eto'o
88%
Paul Pogba
87%
Alex Sandro
86%
Sami Khedira
85%
Gonzalo Higuaín
84%
João Cancelo
83%
Júlio César
82%
Wojciech Szczesny
81%
Andrea Barzagli
80%
Blaise Matuidi
80%
Juan Cuadrado
79%
Stephan Lichtsteiner
78%
Diego Milito
77%
Andrea Pirlo
76%
Patrice Evra
73%
Wesley Sneijder
73%
Rodrigo Bentancur
72%
Claudio Marchisio
71%
Carlos Tevez
68%
Javier Zanetti
67%
Maicon
66%
Kwadwo Asamoah
63%
Lúcio
63%
Esteban Cambiasso
58%
Robinho
57%
Daniele Rugani
55%
Alexandre Pato
53%
Alessandro Nesta
52%
Thiago Silva
52%
Cristian Chivu
51%
Clarence Seedorf
49%
Walter Samuel
49%
Dejan Stanković
48%
Fernando Llorente
48%
Christian Abbiati
46%
Ignazio Abate
40%
Mirko Vučinić
39%
Gennaro Gattuso
38%
Kevin-Prince Boateng
35%
Roberto Pereyra
24%
Alessandro Matri
23%
Sebastien Giovinco
22%
Paolo De Ceglie
13%
Luca Antonini
11%

Score Distribution

Percentile by Number Answered

Percent of People with Each Score

Your Score History

You have not taken this quiz since the last reset